Sports Quiz

Random Sports Quiz
Score 0/210 Timer 20:00
0 Plays Today
Hint Answer % Correct
6-Philadelphia 76 MVPsAllen Iverson
89.7%
9-Murderer's Row Starting Lineup Game 1 of 1927 World SeriesBabe Ruth
89.7%
12- Montreal Canadiens on 5 Cup Championships 1955/56-1959/6Tom Johnson
89.7%
20- 1980 USA Ice Hockey Team RosterMark Johnson
89.7%
19- I reached 300 wins after 1900Randy Johnson
89.7%
17- Yankee retired NumbersBabe Ruth
89.7%
19- I reached 300 wins after 1900Walter Johnson
89.7%
5- I won multiple Super Bowl MVP AwardsJoe Montana
86.2%
5- I won multiple Super Bowl MVP AwardsEli Manning
86.2%
6-Philadelphia 76 MVPsJulius Erving
86.2%
9-Murderer's Row Starting Lineup Game 1 of 1927 World SeriesLou Gehrig
86.2%
17- Yankee retired NumbersLou Gehrig
86.2%
2- Scored more than 800 GoalsWayne Gretzky
82.8%
5- I won multiple Super Bowl MVP AwardsTom Brady
82.8%
6-Philadelphia 76 MVPsMoses Malone
82.8%
14-Roster of 1972/73 New York KnicksPhil Jackson
82.8%
16- Oakland A's on three consecutive Championships 1972-1974Reggie Jackson
82.8%
17- Yankee retired NumbersJoe Dimaggio
82.8%
17- Yankee retired NumbersReggie Jackson
82.8%
19- I reached 300 wins after 1900Greg Maddux
82.8%
2- Scored more than 800 GoalsGordie Howe
79.3%
4-The Islanders Beat us for the Stanley CupEdmonton Oilers
79.3%
5- I won multiple Super Bowl MVP AwardsBart Starr
79.3%
5- I won multiple Super Bowl MVP AwardsTerry Bradshaw
79.3%
10- AFL ChampionsHouston Oilers
79.3%
10- AFL ChampionsHouston Oilers
79.3%
17- Yankee retired NumbersMickey Mantle
79.3%
10- AFL ChampionsKansas City Chiefs
75.9%
10- AFL ChampionsKansas City Chiefs
75.9%
11- Triple Crown of Thoroughbred RacingSecretariat
75.9%
14-Roster of 1972/73 New York KnicksWalt Frazier
75.9%
15- I fought Muhammad Ali-after he lost to Joe Frazier on his way to his second titleJoe Frazier
75.9%
17- Yankee retired NumbersYogi Berra
75.9%
19- I reached 300 wins after 1900Cy Young
75.9%
19- I reached 300 wins after 1900Roger Clemens
75.9%
19- I reached 300 wins after 1900Tom Glavine
75.9%
6-Philadelphia 76 MVPsWilt Chamberlain
72.4%
6-Philadelphia 76 MVPsWilt Chamberlain
72.4%
6-Philadelphia 76 MVPsWilt Chamberlain
72.4%
10- AFL ChampionsNew York Jets
72.4%
14-Roster of 1972/73 New York KnicksWillis Reed
72.4%
17- Yankee retired NumbersWhitey Ford
72.4%
17- Yankee retired NumbersJackie Robinson
72.4%
19- I reached 300 wins after 1900Nolan Ryan
72.4%
1- the only person to hold the heavyweight title and go untied and undefeated throughout his careerRocky Marciano
69%
10- AFL ChampionsOakland Raiders
69%
19- I reached 300 wins after 1900Tom Seaver
69%
17- Yankee retired NumbersThurman Munson
65.5%
19- I reached 300 wins after 1900Steve Carlton
65.5%
10- AFL ChampionsSan Diego Chargers
62.1%
16- Oakland A's on three consecutive Championships 1972-1974Rollie Fingers
62.1%
16- Oakland A's on three consecutive Championships 1972-1974Vida Blue
62.1%
15- I fought Muhammad Ali-after he lost to Joe Frazier on his way to his second titleGeorge Foreman
62.1%
17- Yankee retired NumbersRoger Maris
62.1%
19- I reached 300 wins after 1900Christy Mathewson
62.1%
19- I reached 300 wins after 1900Warren Spahn
62.1%
12- Montreal Canadiens on 5 Cup Championships 1955/56-1959/6Henri Richard
58.6%
12- Montreal Canadiens on 5 Cup Championships 1955/56-1959/6Maurice Richard
58.6%
13- Larry Brown- where am I the head coach?Philadelphia 76ers
58.6%
13- Larry Brown- where am I the head coach?Detroit Pistons
58.6%
17- Yankee retired NumbersDon Mattingly
58.6%
19- I reached 300 wins after 1900Gaylord Perry
58.6%
8- Retired Numbers of the New England PatriotsJim Hunt
55.2%
10- AFL ChampionsBuffalo Bills
55.2%
10- AFL ChampionsBuffalo Bills
55.2%
16- Oakland A's on three consecutive Championships 1972-1974Jim Hunter
55.2%
13- Larry Brown- where am I the head coach?Kansas
55.2%
13- Larry Brown- where am I the head coach?Indiana Pacers
55.2%
13- Larry Brown- where am I the head coach?New York Knicks
55.2%
17- Yankee retired NumbersBilly Martin
55.2%
Hint Answer % Correct
17- Yankee retired NumbersRon Guidry
55.2%
19- I reached 300 wins after 1900Phil Niekro
55.2%
11- Triple Crown of Thoroughbred RacingSeattle Slew
51.7%
13- Larry Brown- where am I the head coach?SMU
51.7%
13- Larry Brown- where am I the head coach?Charlotte Bobcats
51.7%
15- I fought Muhammad Ali-after he lost to Joe Frazier on his way to his second titleKen Norton
51.7%
15- I fought Muhammad Ali-after he lost to Joe Frazier on his way to his second titleKen Norton
51.7%
19- I reached 300 wins after 1900Don Sutton
51.7%
4-The Islanders Beat us for the Stanley CupMinnesota North Stars
48.3%
14-Roster of 1972/73 New York KnicksEarl Monroe
48.3%
16- Oakland A's on three consecutive Championships 1972-1974Sal Bando
48.3%
4-The Islanders Beat us for the Stanley CupPhiladelphia Flyers
44.8%
4-The Islanders Beat us for the Stanley CupVancouver Canucks
44.8%
11- Triple Crown of Thoroughbred RacingAffirmed
44.8%
16- Oakland A's on three consecutive Championships 1972-1974Bert Campaneris
44.8%
16- Oakland A's on three consecutive Championships 1972-1974Dick Green
44.8%
16- Oakland A's on three consecutive Championships 1972-1974Gene Tenace
44.8%
13- Larry Brown- where am I the head coach?San Antonio Spurs
44.8%
17- Yankee retired NumbersBill Dickey
44.8%
19- I reached 300 wins after 1900Grover Cleveland Alexander
44.8%
9-Murderer's Row Starting Lineup Game 1 of 1927 World SeriesTony Lazzeri
41.4%
14-Roster of 1972/73 New York KnicksBill Bradley
41.4%
17- Yankee retired NumbersPhil Rizzuto
41.4%
17- Yankee retired NumbersCasey Stengel
41.4%
14-Roster of 1972/73 New York KnicksDave DeBusschere
37.9%
16- Oakland A's on three consecutive Championships 1972-1974Joe Rudi
37.9%
13- Larry Brown- where am I the head coach?New Jersey Nets
37.9%
13- Larry Brown- where am I the head coach?Los Angeles Clippers
37.9%
17- Yankee retired NumbersElston Howard
37.9%
19- I reached 300 wins after 1900Lefty Grove
37.9%
3-I got a win for the Reds in the 1975 World SeriesDon Gullett
34.5%
10- AFL ChampionsDallas Texans
34.5%
16- Oakland A's on three consecutive Championships 1972-1974Ken Holtzman
34.5%
18- All Time ABA Stat LeadersLarry Brown
34.5%
18- All Time ABA Stat LeadersRick Barry
34.5%
18- All Time ABA Stat LeadersRick Barry
34.5%
7-Catchers who caught Nolan Ryan's no hittersEllie Rodriguez
31%
9-Murderer's Row Starting Lineup Game 1 of 1927 World SeriesBob Meusel
31%
11- Triple Crown of Thoroughbred RacingWar Admiral
31%
16- Oakland A's on three consecutive Championships 1972-1974John Odom
31%
20- 1980 USA Ice Hockey Team RosterJim Craig
31%
20- 1980 USA Ice Hockey Team RosterMike Eruzione
31%
18- All Time ABA Stat LeadersArtis Gilmore
31%
18- All Time ABA Stat LeadersBobby Jones
31%
18- All Time ABA Stat LeadersArtis Gilmore
31%
8- Retired Numbers of the New England PatriotsJohn Hannah
27.6%
11- Triple Crown of Thoroughbred RacingCitation
27.6%
12- Montreal Canadiens on 5 Cup Championships 1955/56-1959/6Jean Beliveau
27.6%
19- I reached 300 wins after 1900Kid Nichols
27.6%
19- I reached 300 wins after 1900Early Wynn
27.6%
8- Retired Numbers of the New England PatriotsAndre TIppett
24.1%
9-Murderer's Row Starting Lineup Game 1 of 1927 World SeriesEarle Combs
24.1%
12- Montreal Canadiens on 5 Cup Championships 1955/56-1959/6Doug Harvey
24.1%
12- Montreal Canadiens on 5 Cup Championships 1955/56-1959/6Dickie Moore
24.1%
12- Montreal Canadiens on 5 Cup Championships 1955/56-1959/6Jacques Plante
24.1%
14-Roster of 1972/73 New York KnicksJerry Lucas
24.1%
13- Larry Brown- where am I the head coach?UCLA
24.1%
15- I fought Muhammad Ali-after he lost to Joe Frazier on his way to his second titleJerry Quarry
24.1%
9-Murderer's Row Starting Lineup Game 1 of 1927 World SeriesWaite Hoyt
20.7%
12- Montreal Canadiens on 5 Cup Championships 1955/56-1959/6Bernie Geoffrion
20.7%
20- 1980 USA Ice Hockey Team RosterKen Morrow
20.7%
20- 1980 USA Ice Hockey Team RosterBill Baker
20.7%
15- I fought Muhammad Ali-after he lost to Joe Frazier on his way to his second titleJimmy Ellis
20.7%
19- I reached 300 wins after 1900Ed Plank
20.7%
3-I got a win for the Reds in the 1975 World SeriesRawley Eastwick
17.2%
3-I got a win for the Reds in the 1975 World SeriesClay Carroll
17.2%
7-Catchers who caught Nolan Ryan's no hittersAkan Ashby
17.2%
9-Murderer's Row Starting Lineup Game 1 of 1927 World SeriesPat Collins
17.2%
16- Oakland A's on three consecutive Championships 1972-1974Dave Hamilton
17.2%
20- 1980 USA Ice Hockey Team RosterBob Suter
17.2%
Hint Answer % Correct
20- 1980 USA Ice Hockey Team RosterMark Wells
17.2%
15- I fought Muhammad Ali-after he lost to Joe Frazier on his way to his second titleFloyd Patterson
17.2%
18- All Time ABA Stat LeadersRon Boone
17.2%
7-Catchers who caught Nolan Ryan's no hittersJeff Torborg
13.8%
9-Murderer's Row Starting Lineup Game 1 of 1927 World SeriesJoe Dugan
13.8%
11- Triple Crown of Thoroughbred RacingGallant Fox
13.8%
11- Triple Crown of Thoroughbred RacingWhirlaway
13.8%
16- Oakland A's on three consecutive Championships 1972-1974Darold Knowles
13.8%
16- Oakland A's on three consecutive Championships 1972-1974Ted Kubiak
13.8%
16- Oakland A's on three consecutive Championships 1972-1974Angel Mangual
13.8%
13- Larry Brown- where am I the head coach?Denver Nuggets
13.8%
20- 1980 USA Ice Hockey Team RosterMike Ramsey
13.8%
20- 1980 USA Ice Hockey Team RosterRob McClanahan
13.8%
20- 1980 USA Ice Hockey Team RosterNeal Broten
13.8%
15- I fought Muhammad Ali-after he lost to Joe Frazier on his way to his second titleAlvin Lewis
13.8%
15- I fought Muhammad Ali-after he lost to Joe Frazier on his way to his second titleJoe Bugner
13.8%
18- All Time ABA Stat LeadersLouie Dampier
13.8%
18- All Time ABA Stat LeadersLouie Dampier
13.8%
18- All Time ABA Stat LeadersLouie Dampier
13.8%
18- All Time ABA Stat LeadersLouie Dampier
13.8%
18- All Time ABA Stat LeadersLouie Dampier
13.8%
7-Catchers who caught Nolan Ryan's no hittersJohn Russell
10.3%
7-Catchers who caught Nolan Ryan's no hittersMike Stanley
10.3%
8- Retired Numbers of the New England PatriotsBruce Armstrong
10.3%
9-Murderer's Row Starting Lineup Game 1 of 1927 World SeriesMark Koenig
10.3%
12- Montreal Canadiens on 5 Cup Championships 1955/56-1959/6Don Marshall
10.3%
12- Montreal Canadiens on 5 Cup Championships 1955/56-1959/6Claude Provost
10.3%
12- Montreal Canadiens on 5 Cup Championships 1955/56-1959/6Jean Guy Talbot
10.3%
12- Montreal Canadiens on 5 Cup Championships 1955/56-1959/6Bob Turner
10.3%
14-Roster of 1972/73 New York KnicksDick Barnett
10.3%
14-Roster of 1972/73 New York KnicksHenry Bibby
10.3%
14-Roster of 1972/73 New York KnicksJohn Gianelli
10.3%
14-Roster of 1972/73 New York KnicksDean Meminger
10.3%
14-Roster of 1972/73 New York KnicksLuther Rackley
10.3%
14-Roster of 1972/73 New York KnicksTom Riker
10.3%
14-Roster of 1972/73 New York KnicksHawthorne Wingo
10.3%
16- Oakland A's on three consecutive Championships 1972-1974Dal Maxvill
10.3%
20- 1980 USA Ice Hockey Team RosterSteve Christoff
10.3%
20- 1980 USA Ice Hockey Team RosterMark Pavelich
10.3%
15- I fought Muhammad Ali-after he lost to Joe Frazier on his way to his second titleGeorge Chuvalo
10.3%
18- All Time ABA Stat LeadersMel Daniels
10.3%
18- All Time ABA Stat LeadersMel Daniels
10.3%
18- All Time ABA Stat LeadersMel Daniels
10.3%
8- Retired Numbers of the New England PatriotsMike Haynes
6.9%
8- Retired Numbers of the New England PatriotsSteve Nelson
6.9%
11- Triple Crown of Thoroughbred RacingSir Barton
6.9%
11- Triple Crown of Thoroughbred RacingCount Fleet
6.9%
20- 1980 USA Ice Hockey Team RosterDave Silk
6.9%
20- 1980 USA Ice Hockey Team RosterDave Christian
6.9%
20- 1980 USA Ice Hockey Team RosterSteve Janaszak
6.9%
20- 1980 USA Ice Hockey Team RosterJack O'Callahan
6.9%
20- 1980 USA Ice Hockey Team RosterBuzz Schneider
6.9%
20- 1980 USA Ice Hockey Team RosterPhil Verchota
6.9%
18- All Time ABA Stat LeadersFatty Taylor
6.9%
18- All Time ABA Stat LeadersDarel Carrier
6.9%
7-Catchers who caught Nolan Ryan's no hittersArt Kusnyer
3.4%
7-Catchers who caught Nolan Ryan's no hittersTom Egan
3.4%
8- Retired Numbers of the New England PatriotsGino Cappelletti
3.4%
8- Retired Numbers of the New England PatriotsBob Dee
3.4%
11- Triple Crown of Thoroughbred RacingOmaha
3.4%
11- Triple Crown of Thoroughbred RacingAssault
3.4%
13- Larry Brown- where am I the head coach?Carolina Cougars
3.4%
20- 1980 USA Ice Hockey Team RosterJohn Harrington
3.4%
20- 1980 USA Ice Hockey Team RosterEric Strobel
3.4%
15- I fought Muhammad Ali-after he lost to Joe Frazier on his way to his second titleBuster Mathis
3.4%
15- I fought Muhammad Ali-after he lost to Joe Frazier on his way to his second titleJurgen Blin
3.4%
15- I fought Muhammad Ali-after he lost to Joe Frazier on his way to his second titleMac Foster
3.4%
15- I fought Muhammad Ali-after he lost to Joe Frazier on his way to his second titleBob Foster
3.4%
15- I fought Muhammad Ali-after he lost to Joe Frazier on his way to his second titleRudi Lubbers
3.4%
18- All Time ABA Stat LeadersMark Calvin
3.4%

You're not logged in!

Compare scores with friends on all Sporcle quizzes.
OR
Log In

Sporcle TV

Today on Sporcle TV


Watch our educational content, quiz creation guides, and fun videos on Sporcle TV.

Show Comments

Extras

Created Sep 22, 2013ReportNominate
Tags:1-20

Top Quizzes Today


Score Distribution

Paid Content

Your Account Isn't Verified!

In order to create a playlist on Sporcle, you need to verify the email address you used during registration. Go to your Sporcle Settings to finish the process.

Report this User

Report this user for behavior that violates our Community Guidelines.

Details: